Sportifs Français par images #1 - Statistiques

Statistiques générales
  • Ce quiz a été pris 3 834 fois
    1 976 depuis la dernière actualisation
  • Le résultat moyen est 22 sur 28
Statistiques - réponses
Par images Réponse % Correct
Karim Benzema
96%
Teddy Riner
96%
Antoine Dupont
95%
Félix et Alexis Lebrun
95%
Léon Marchand
94%
Gaël Monfils
91%
Pierre Gasly
88%
Yannick Noah
88%
Aurélien Tchouaméni
84%
Eduardo Camavinga
84%
Nikola Karabatic
84%
Sébastien Loeb
83%
Martin Fourcade
82%
Victor Wembanyama
81%
Cédric Doumbè
80%
Jo-Wilfried Tsonga
79%
Kévin Mayer
73%
Ciryl Gane
72%
Renaud Lavillenie
72%
Eugénie Le Sommer
71%
Arthur Fils
69%
Benoît Saint-Denis
69%
Rudy Gobert
69%
Damian Penaud
59%
Julian Alaphilippe
59%
Tony Yoka
57%
Fabio Quartararo
54%
Alexis Pinturault
39%
Aucun quiz correspondant
Distribution des résultats
% des personnes avec chaque résultat
Percentile par nombre de réponses
Votre historique - résultats
Vous n’avez pas pris ce quiz depuis la dernière actualisation